Siempre adelante / (Record no. 18183)

000 -CABECERA
fixed length control field 00836nam a22002297a 4500
003 - IDENTIFICADOR DEL NÚMERO DE CONTROL
control field AR-CdUCM
008 - DATOS DE LONGITUD FIJA--INFORMACIÓN GENERAL
fixed length control field 190513b ||||| |||| 00| 0 spa d
040 ## - FUENTE DE LA CATALOGACIÓN
Agencia/entidad que catalogó originalmente la obra MUNICIPALIDAD PROVINCIAL DEL CUSCO
Entidad que transcribió la catalogación BIBLIOTECA MUNICIPAL DEL CUSCO
082 ## - NÚMERO DE LA CLASIFICACIÓN DECIMAL DEWEY
No. de Clasificación 158.1 /
Notacion interna M26
100 ## - ENTRADA PRINCIPAL--NOMBRE DE PERSONA
Nombre Personal Marden, Orison Swett
245 ## - MENCIÓN DE TÍTULO
Título Siempre adelante /
260 ## - PUBLICACIÓN, DISTRIBUCIÓN, ETC.
Lugar de publicación, distribución, etc. Buenos Aires :
Nombre de la editorial, distribuidor, etc. TOR,
300 ## - DESCRIPCIÓN FÍSICA
Nº de Páginas Extensión 190 paginas ;
Dimensiones 18 cm.
440 ## - MENCIÓN DE SERIE/PUNTO DE ACCESO ADICIONAL--TÍTULO
Título Enciclopedia del hombre que triunfa
9 (RLIN) 31069
505 ## - NOTA DE CONTENIDO CON FORMATO
Nota de contenido formateada Contenido : El hombre y la ocasión -- La niñez desvalida -- El valor del tiempo -- Vocaciones contrariadas -- Elección de carrera...
650 ## - PUNTO DE ACCESO ADICIONAL DE MATERIA--TÉRMINO DE MATERIA
Descriptor Éxito
9 (RLIN) 38634
650 ## - PUNTO DE ACCESO ADICIONAL DE MATERIA--TÉRMINO DE MATERIA
Descriptor Conducta de vida
9 (RLIN) 36609
650 ## - PUNTO DE ACCESO ADICIONAL DE MATERIA--TÉRMINO DE MATERIA
Descriptor Autorrealización
9 (RLIN) 24047
700 ## - PUNTO DE ACCESO ADICIONAL--NOMBRE DE PERSONA
Nombre Personal Labrousse, Pedro F.(Traducción)
9 (RLIN) 38635
942 ## - ELEMENTOS DE PUNTO DE ACCESO ADICIONAL (KOHA)
Fuente de clasificación
Tipo de item Libros-BMC
945 ## - PROCESAMIENTO DE INFORMACIÓN LOCAL (OCLC)
Catalogador wnts
AAAA-MM-DD - Fecha de ingreso o modificacion 2019-05-13
Holdings
Estado de retiro (separado) Fuente de clasificación o esquema de estanterías Estado dañado Ubicación Sala donde se ubica Nombre de la colección Fecha de adquisición o compra Costo, precio normal en soles Signatura topográfica Código de Barras Última vez visto (Koha) Tipo de ítem (Koha)
No     Sala Humanidades Sala Humanidades Book Cart 2019-05-13 35.00 158.1 / M26 SH0000013392 2019-05-13 Libros-BMC

Powered by Koha